000 01085nam0a22002651 4500
001 rc\2556738
005 20230411165235.0
035 _a(NLR Aleph) 006721677
090 _a5450054
_c5450054
100 _a20110914d1927 |||y0rusy50 ca
101 0 _arus
102 _aRU
105 _aa z |||||
200 1 _aМолочная кухня для вскармливания грудных детей
_eРуководство к устройству молочной кухни и производству работ в ней
205 _a3-е изд., заново перераб. и доп.
210 _aМосква
_cМосздравотдел
_d1927
_gтип. Главумзака
215 _a150 с., [2] с. объявл.
_cил., черт.
_d23х15 см.
300 _a4-е изд.: Жорно, Я. Ф. Молочная кухня и детское питание
700 1 _aЖорно
_bЯ. Ф.
_f1872-
_gЯков Филиппович
801 0 _aRU
_bNLR
_gpsbo
801 1 _aRU
_bELAR
_2rusmarc
852 _aNLR
_j26/259
942 _cBOOK
980 _aNB